Gestionando PyMES con sentido común /

Na minha lista:
Detalhes bibliográficos
Autor principal: Valduérteles, Ignacio (autor)
Formato: Livro
Idioma:espanhol
Publicado em: Madrid, España : Dossat, 2002, c2002
Colecção:(Biblioteca de Management)
Assuntos:
Tags: Adicionar Tag
Sem tags, seja o primeiro a adicionar uma tag!

MARC

LEADER 00000nam^a2200000^a^4500
001 000154269
005 20250521000000.0
009 20260310100347.726
020 |a 84-95312-95-6 
037 |a Acervo ITESO - Biblioteca 
041 |a ESP 
082 |a 658. 022  |b VAL 
100 |a Valduérteles, Ignacio  |e (autor) 
245 1 0 |a Gestionando PyMES con sentido común /  |c I. Valduérteles ; pról. de Julio García del Junco. 
264 4 |a Madrid, España :  |b Dossat,  |c 2002, c2002 
300 |a 161 p. 
336 |a texto  |b txt  |2 rdacontenido 
337 |a sin mediación  |b n  |2 rdamedio 
338 |a volumen  |b nc  |2 rdasoporte 
440 1 |a (Biblioteca de Management) 
649 |a XX 
650 |a Pequeña Empresa -  |x Administración 
650 |a Mediana Empresa -  |x Administración 
650 |a Empresas -  |x Administración 
650 |a Desarrollo Económico-Social 
650 |a Planeación Estratégica 
650 |a Planeación Administrativa 
650 |a Proceso Administrativo 
650 |a Economía 
650 |a Administración 
650 |a Ciencias Administrativas 
910 |a Fondo General 
920 |a Impresos - Libros 
930 |a Colección General 
905 |a 101 
901 |a 0500085867  |b IT1  |c ACC  |u 20250521 
902 |a https://opac.biblio.iteso.mx/vufind/Record/000154269